LEADER 02296nam 2200541Ia 450 001 9910778431903321 005 20230721023043.0 010 $a1-282-40218-8 010 $a9786612402180 010 $a90-485-1126-7 035 $a(CKB)1000000000806959 035 $a(EBL)474303 035 $a(OCoLC)489041396 035 $a(SSID)ssj0000338652 035 $a(PQKBManifestationID)12081103 035 $a(PQKBTitleCode)TC0000338652 035 $a(PQKBWorkID)10295442 035 $a(PQKB)10935678 035 $a(MiAaPQ)EBC474303 035 $a(EXLCZ)991000000000806959 100 $a20090728d2009 uy 0 101 0 $adut 135 $aur|n|---||||| 181 $ctxt 182 $cc 183 $acr 200 10$aHoe God emigreerde naar Amerika$b[electronic resource] $egeografische bespiegelingen over godsdienst in Europa en de Verenigde Staten /$fHans Knippenberg 210 $aAmsterdam $cVossiuspers UvA$d2009 215 $a1 online resource (30 p.) 225 1 $aVOR afscheidsrede 300 $aSpeech delivered at the University of Amsterdam at the professor's farewell, May 26 2009. 311 $a90-5629-594-2 320 $aIncludes bibliographical references. 330 $aTussen Europa en de Verenigde Staten bestaan verschillen in de mate waarin godsdienst een rol speelt in het dagelijks leven, en in de publieke sfeer. Waar Europa reeds lang het toneel is van een voortschrijdende secularisering, blijft godsdienst een wezenlijk element in de Amerikaanse politiek en cultuur. Daarom vormt de VS een levendige markt van elkaar beconcurrerende godsdienstige 'ondernemers', die voor een zeer gevarieerd aanbod zorgen. Hans Knippenberg probeert in zijn afscheidscollege dit verschil tussen Europa en de VS te verklaren aan de hand van bestaande sociaalwetenschappelijke the 410 0$aVOR afscheidsrede 606 $aReligion and sociology$zEurope 606 $aReligion and sociology$zUnited States 615 0$aReligion and sociology 615 0$aReligion and sociology 676 $a306.6094 700 $aKnippenberg$b Hans$f1945-$01552402 801 0$bMiAaPQ 801 1$bMiAaPQ 801 2$bMiAaPQ 906 $aBOOK 912 $a9910778431903321 996 $aHoe God emigreerde naar Amerika$93812258 997 $aUNINA LEADER 02641nam 2200541 450 001 9910789231003321 005 20230803034657.0 010 $a0-309-28309-4 035 $a(CKB)3710000000103359 035 $a(EBL)3379221 035 $a(SSID)ssj0001213725 035 $a(PQKBManifestationID)11686914 035 $a(PQKBTitleCode)TC0001213725 035 $a(PQKBWorkID)11253532 035 $a(PQKB)11232341 035 $a(MiAaPQ)EBC3379221 035 $a(Au-PeEL)EBL3379221 035 $a(CaPaEBR)ebr10863875 035 $a(OCoLC)919636709 035 $a(EXLCZ)993710000000103359 100 $a20140507h20132013 uy| 0 101 0 $aeng 135 $aurcnu|||||||| 181 $ctxt 182 $cc 183 $acr 200 00$aAcute exposure guideline levels for selected airborne chemicals$hVolume 14 /$fCommittee on Acute Exposure Guideline Levels, Committee on Toxicology, Board on Environmental Studies and Toxicology, Division on Earth and Life Studies, National Research Council of the National Academies 210 1$aWashington, DC :$cThe National Academies Press,$d[2013] 210 4$dİ2013 215 $a1 online resource (290 p.) 300 $aDescription based upon print version of record. 311 $a0-309-28308-6 320 $aIncludes bibliographical references. 327 $a""Front Matter""; ""Preface""; ""Contents""; ""Acute Exposure Guideline Levels for Selected Airborne Chemicals Volume 14""; ""National Research Council Committee Review of Acute Exposure Guideline Levels of Selected Airborne Chemicals""; ""Appendixes""; ""1 Agent BZ (3-Quinuclidinyl Benzilate) Acute Exposure Guideline Levels""; ""2 Ethyl Phosphorodichloridate Acute Exposure Guideline Levels""; ""3 n-Hexane Acute Exposure Guideline Levels""; ""4 Methanesulfonyl Chloride Acute Exposure Guideline Levels""; ""5 Nitric Acid Acute Exposure Guideline Levels"" 327 $a""6 Propargyl Alcohol Acute Exposure Guideline Levels""""7 Vinyl Acetate Acute Exposure Guideline Levels"" 606 $aGases, Asphyxiating and poisonous$vCongresses 615 0$aGases, Asphyxiating and poisonous 676 $a615.91 712 02$aNational Research Council (U.S.).$bCommittee on Acute Exposure Guideline Levels, 712 02$aNational Research Council (U.S.).$bBoard on Environmental Studies and Toxicology, 712 02$aNational Research Council (U.S.).$bCommittee on Toxicology, 801 0$bMiAaPQ 801 1$bMiAaPQ 801 2$bMiAaPQ 906 $aBOOK 912 $a9910789231003321 996 $aAcute exposure guideline levels for selected airborne chemicals$92610632 997 $aUNINA